000 00329nam a2200133Ia 4500
005 20260326235450.0
008 260326s9999||||xx |||||||||||||| ||und||
100 _aToman, Rolf
245 0 _aViena :
_b Arte y Arquitectura /
_cRolf Toman
260 _bKönemann
300 _a452 p.
650 _aARQUITECTURA REGIONAL
942 _cBK
999 _c7738
_d7738